| 000 | 00772cam a2200229 a 4500 | ||
|---|---|---|---|
| 001 | 598575 | ||
| 005 | 20240220072352.0 | ||
| 008 | 910711s1992 enk j b 001 0 eng | ||
| 020 | _a019285254X : | ||
| 040 |
_aDLC _cDLC _dDLC |
||
| 082 | 0 | 0 |
_a320.5 _220 _bGRE. |
| 100 | _aEbenstein, William. | ||
| 245 | 0 | 0 |
_aGreat political thinkers : _cOxford & IBH Publishing co. PVT. LTD. |
| 250 | _a3rd. | ||
| 260 |
_aOxford ; _aNew York : _bOxford University Press, |
||
| 300 | _axii, 978 p., | ||
| 500 | _a"Composite volume ... each section was first published separately in the 'Past masters' series"--T.p. verso. | ||
| 650 | 1 | _aPolitical scientists. | |
| 700 | 1 |
_aSkinner, Quentin. _eedt |
|
| 856 | 4 | 2 | _uhttp://www.loc.gov/catdir/enhancements/fy0724/91027678-b.html |
| 942 | _cL | ||
| 999 |
_c443 _d443 |
||